[Event "XXVIII C.to Torinese Open"]
[Site "Torino ITA"]
[Date "2012.02.20"]
[Round "6"]
[White "Bertagia, Roldano"]
[Black "Fassio, Luca"]
[WhiteElo "1928"]
[BlackElo "2078"]
[Result "0-1"]
[PlyCount "94"]
[EventDate "2012.01.16"]

1. e4 g6 2. d4 Bg7 3. Nf3 d6 4. Bc4 Nf6 5. Nc3 O-O 6. Be3 Nxe4 7. Bxf7+ Rxf7 8.
Nxe4 Nc6 9. Nfg5 Rf8 10. h4 h6 11. h5 Qe8 12. Nh3 e5 13. d5 Ne7 14. Ng3 Nf5 15.
Nxf5 gxf5 16. Qe2 Qa4 17. b3 Qe8 18. Rd1 f4 19. Bd2 f3 20. gxf3 Qxh5 21. Qf1
Qxf3 22. Be3 Bg4 23. Kd2 Qxd5+ 24. Qd3 Qxd3+ 25. Kxd3 Bxd1 26. Rxd1 d5 27. Ke2
d4 28. Bd2 c5 29. Rg1 Rf6 30. Rg3 Raf8 31. f3 Kh7 32. Nf2 Rg6 33. Rh3 b6 34.
Ne4 Kg8 35. Nf2 Rff6 36. Ne4 Rc6 37. a4 a6 38. Ng3 b5 39. axb5 axb5 40. Nf5
Rce6 41. Ng3 c4 42. bxc4 bxc4 43. Nf5 Rg2+ 44. Kd1 Ra6 45. Rg3 Ra1+ 46. Bc1
Rxg3 47. Nxg3 c3 0-1

[Event "V Open A"]
[Site "Trento ITA"]
[Date "2012.04.14"]
[Round "3"]
[White "De Eccher, Stefano"]
[Black "Laketic, Gojko"]
[Result "0-1"]
[WhiteElo "2222"]
[BlackElo "2438"]
[PlyCount "115"]
[EventDate "2012.04.13"]

1. e4 Nf6 2. e5 Nd5 3. d4 d6 4. c4 Nb6 5. exd6 cxd6 6. Nc3 g6 7. Be3 Bg7 8. Rc1
O-O 9. b3 Bf5 10. Nf3 d5 11. c5 Nc8 12. Be2 Nc6 13. O-O Bg4 14. Qd2 e6 15. h3
Bxf3 16. Bxf3 N8e7 17. Ne2 Nf5 18. g4 Nxe3 19. Qxe3 Qh4 20. Bg2 h5 21. gxh5
Qxh5 22. Rcd1 Bf6 23. Rd3 Kg7 24. b4 b5 25. cxb6 axb6 26. a3 Na7 27. Rc1 Nb5
28. Nc3 Nd6 29. Ne2 Nc4 30. Qf3 Qxf3 31. Bxf3 Nxa3 32. Rc6 Rfb8 33. Nf4 Nb5 34.
Bg4 Nxd4 35. Rc7 Be5 36. Rd7 Kg8 37. Ne2 Nxe2+ 38. Bxe2 Rd8 39. Rb7 Rab8 40.
Ra7 Rdc8 41. h4 Rc7 42. Ra6 Kg7 43. h5 g5 44. Kg2 f5 45. h6+ Kf6 46. Rh3 g4 47.
Rh5 Kg6 48. Bxg4 Bf4 49. Be2 Bxh6 50. Ra3 Bc1 51. Rah3 Kf6 52. Bd3 Rg8+ 53. Kf3
Ke5 54. Rh1 Rg6 55. Re1+ Kd6 56. Rh8 Bd2 57. Rb1 Bc3 58. Bb5 0-1

[Event "V Open A"]
[Site "Trento ITA"]
[Date "2012.04.15"]
[Round "4"]
[White "Del Monaco, Andrea"]
[Black "Solomon, Kenny"]
[Result "1/2-1/2"]
[WhiteElo "2252"]
[BlackElo "2449"]
[PlyCount "84"]
[EventDate "2012.04.13"]

1. e4 d6 2. d4 Nf6 3. Nc3 e5 4. Nf3 Nbd7 5. Bc4 Be7 6. O-O O-O 7. h3 a6 8. a4
b6 9. Qe2 c6 10. Be3 Qc7 11. Ba2 a5 12. Rfd1 Ba6 13. Bc4 Bxc4 14. Qxc4 Rac8 15.
dxe5 dxe5 16. Nh4 g6 17. Bh6 Rfe8 18. Nf3 Nc5 19. Rd2 Rcd8 20. Rad1 Rxd2 21.
Rxd2 Bf8 22. Bxf8 Rxf8 23. g3 Kg7 24. Kg2 Rc8 25. Rd1 Qe7 26. Ne1 Rd8 27. Rxd8
Qxd8 28. Nf3 Nfd7 29. Nb1 h6 30. Nbd2 Qf6 31. b3 Qd6 32. Qc3 f6 33. Qe3 b5 34.
Qc3 b4 35. Qe3 Nb6 36. Ne1 Qd4 37. Qxd4 exd4 38. Nd3 Nxd3 39. cxd3 Kf7 40. f4
Ke6 41. Nc4 Nxc4 42. dxc4 c5 1/2-1/2

[Event "V Open A"]
[Site "Trento ITA"]
[Date "2012.04.15"]
[Round "4"]
[White "Laketic, Gojko"]
[Black "Dragojlovic, Andjelko"]
[Result "1-0"]
[WhiteElo "2438"]
[BlackElo "2395"]
[PlyCount "49"]
[EventDate "2012.04.13"]

1. d4 Nf6 2. c4 g6 3. Nc3 d5 4. cxd5 Nxd5 5. e4 Nxc3 6. bxc3 Bg7 7. Bc4 c5 8.
Ne2 Nc6 9. Be3 O-O 10. O-O Qc7 11. Rc1 Rd8 12. Qd2 a6 13. Rfd1 b5 14. Bd5 Bb7
15. Bf4 Qc8 16. Bh6 e6 17. Bxg7 Kxg7 18. Bb3 Qc7 19. Qg5 Qe7 20. Qxc5 Qxc5 21.
dxc5 Ne5 22. Rd4 g5 23. f4 gxf4 24. Nxf4 a5 25. Bxe6 1-0

[Event "V Open A"]
[Site "Trento ITA"]
[Date "2012.04.15"]
[Round "5"]
[White "De Eccher, Stefano"]
[Black "Panjkovic, Aleksandar"]
[Result "1/2-1/2"]
[WhiteElo "2222"]
[BlackElo "2176"]
[PlyCount "97"]
[EventDate "2012.04.13"]

1. e4 d6 2. d4 Nf6 3. Nc3 g6 4. g3 Bg7 5. Bg2 O-O 6. Nge2 Nbd7 7. O-O c5 8. h3
Rb8 9. Be3 b5 10. e5 dxe5 11. dxe5 Nxe5 12. Qxd8 Rxd8 13. Bxc5 b4 14. Bxa7 Ba6
15. Bxb8 Rxb8 16. Rfe1 bxc3 17. Nxc3 Nh5 18. Rab1 e6 19. Red1 Nc4 20. Bf1 Ra8
21. Na4 Ne5 22. Bxa6 Rxa6 23. b3 Nf6 24. Rd8+ Bf8 25. Rbd1 Kg7 26. Rc8 Ra7 27.
c4 h5 28. Rdd8 Be7 29. Ra8 Rxa4 30. bxa4 Bxd8 31. Rxd8 Nxc4 32. Rd4 Na5 33. Rb4
Nd5 34. Rb5 Nc6 35. a5 Ncb4 36. Kf1 Na6 37. Ke1 Kf6 38. Kd2 Ndc7 39. Rb3 g5 40.
Ke3 Kf5 41. f3 f6 42. g4+ hxg4 43. hxg4+ Ke5 44. Rb7 Nd5+ 45. Kf2 Kf4 46. Rd7
Ke5 47. Rb7 Kf4 48. Rd7 Ke5 49. Rb7 1/2-1/2

[Event "V Open A"]
[Site "Trento ITA"]
[Date "2012.04.15"]
[Round "5"]
[White "Solomon, Kenny"]
[Black "Laketic, Gojko"]
[Result "0-1"]
[WhiteElo "2449"]
[BlackElo "2438"]
[PlyCount "84"]
[EventDate "2012.04.13"]

1. d4 d5 2. Nf3 Nf6 3. c4 c6 4. Nc3 a6 5. c5 Nbd7 6. Bf4 Nh5 7. Bg5 h6 8. Bd2
Nhf6 9. Bf4 Nh5 10. Be5 Nxe5 11. Nxe5 Nf6 12. Qc2 g6 13. e3 Bf5 14. Qb3 Qc7 15.
Be2 h5 16. f3 Bh6 17. Na4 Nd7 18. Nxd7 Bxd7 19. Nb6 Rd8 20. Qc3 Bf5 21. O-O Bg7
22. f4 Bf6 23. b4 Kf8 24. a4 Kg7 25. b5 axb5 26. axb5 e6 27. Ra7 h4 28. bxc6
Qxc6 29. Bd3 Rb8 30. Qb3 Rhd8 31. Rf2 Kg8 32. Bb5 Qc7 33. Qa4 g5 34. Nd7 Rxd7
35. Bxd7 gxf4 36. exf4 Bd3 37. Rf3 Bc4 38. Kh1 Bxd4 39. Ra8 Rxa8 40. Qxa8+ Kg7
41. c6 bxc6 42. Qxc6 Qa5 0-1

[Event "V Open A"]
[Site "Trento ITA"]
[Date "2012.04.15"]
[Round "5"]
[White "Zucchelli, Massimo"]
[Black "Del Monaco, Andrea"]
[Result "0-1"]
[WhiteElo "2171"]
[BlackElo "2252"]
[PlyCount "66"]
[EventDate "2012.04.13"]

1. d4 d6 2. c4 g6 3. Nc3 Bg7 4. e4 e5 5. d5 f5 6. exf5 gxf5 7. Qh5+ Kf8 8. Qd1
Nf6 9. Nf3 Na6 10. Be2 Nc5 11. O-O a5 12. Bg5 Bd7 13. Nd2 h6 14. Bh4 Qe8 15.
Nb3 Na4 16. Nxa4 Bxa4 17. f4 e4 18. Qd2 Bxb3 19. axb3 b6 20. Kh1 Kg8 21. Bxf6
Bxf6 22. g4 e3 23. Qd3 Qe4+ 24. Qxe4 fxe4 25. Rab1 a4 26. bxa4 Rxa4 27. g5 hxg5
28. Rg1 Ra2 29. fxg5 Bxb2 30. Rg2 Be5 31. Rf1 Kg7 32. g6 Rxh2+ 33. Rxh2 Bxh2
0-1

[Event "XLIV C.to Italiano a squadre Master"]
[Site "Arvier ITA"]
[Date "2012.04.27"]
[Round "1"]
[White "David, Alberto"]
[Black "Manca, Federico"]
[WhiteElo "2604"]
[BlackElo "2424"]
[Result "1-0"]
[PlyCount "91"]
[EventDate "2012.04.27"]

1. d4 Nf6 2. c4 e6 3. Nc3 Bb4 4. e3 O-O 5. Bd3 d5 6. cxd5 exd5 7. Nge2 Re8 8.
Bd2 c6 9. Qc2 a5 10. O-O Bd6 11. Ng3 Na6 12. a3 c5 13. dxc5 Nxc5 14. Nb5 Bxg3
15. Qxc5 Be5 16. f4 Bb8 17. Rac1 Bd7 18. Nc7 Ba7 19. Qd6 Rxe3 20. Bxe3 Bxe3+
21. Kh1 Rc8 22. Rce1 Ng4 23. Nxd5 Bc5 24. Ne7+ Kh8 25. Qd5 Be6 26. Qe4 Nf6 27.
Qe2 Bg4 28. Qe5 Bxe7 29. Qxe7 Qxd3 30. Qxf7 b5 31. h3 Bh5 32. Qb7 Rd8 33. f5 h6
34. Qc7 Kh7 35. Kh2 a4 36. Rf4 Rd7 37. Qe5 Qd2 38. Re3 Rd5 39. Qe7 Rd7 40. Qe5
Rd5 41. Qe7 Qxb2 42. Rg3 Ng8 43. Qb7 Rxf5 44. Rxf5 Bg6 45. Rxb5 Qd4 46. Qb6 1-0

[Event "XLIV C.to Italiano a squadre Master"]
[Site "Arvier ITA"]
[Date "2012.04.27"]
[Round "1"]
[White "De Filomeno, Simone"]
[Black "Bruno, Fabio"]
[WhiteElo "2280"]
[BlackElo "2435"]
[Result "1-0"]
[PlyCount "99"]
[EventDate "2012.04.27"]

1. e4 c5 2. Nf3 e6 3. d4 cxd4 4. Nxd4 Nc6 5. Nc3 a6 6. Be3 Qc7 7. Qd2 Nf6 8.
O-O-O Be7 9. f3 h5 10. Bd3 d6 11. g3 b5 12. h3 Nxd4 13. Bxd4 e5 14. Be3 Be6 15.
g4 b4 16. Na4 d5 17. g5 d4 18. gxf6 dxe3 19. Qxe3 Bxf6 20. Nb6 Rd8 21. Nd5 Bxd5
22. exd5 Rxd5 23. Qe4 Rd4 24. Bb5+ axb5 25. Rxd4 O-O 26. Rxb4 Rd8 27. Rxb5 Qd7
28. Qe2 Qd4 29. a3 g6 30. Kb1 Qh4 31. Rb4 Qg3 32. a4 Ra8 33. h4 Kg7 34. Rd1
Bxh4 35. Qe4 Be7 36. Rb7 Re8 37. a5 h4 38. a6 h3 39. a7 h2 40. Rxe7 Rxe7 41.
a8=Q Rd7 42. Rc1 Rd4 43. Qe1 Qg5 44. Qe8 f6 45. Qe7+ Kh6 46. Qf8+ Kh7 47. Qf7+
Kh8 48. Qf1 f5 49. Qe8+ Kh7 50. Qxe5 1-0

[Event "XLIV C.to Italiano a squadre Master"]
[Site "Arvier ITA"]
[Date "2012.04.28"]
[Round "2"]
[White "Mariano, Elia"]
[Black "Ramondino, Renzo"]
[WhiteElo "2156"]
[BlackElo "2251"]
[Result "1/2-1/2"]
[PlyCount "142"]
[EventDate "2012.04.27"]

1. d4 Nf6 2. c4 g6 3. Nc3 Bg7 4. e4 d6 5. Bd3 O-O 6. Nge2 Nc6 7. O-O Nh5 8. d5
Ne5 9. Ng3 Nxg3 10. hxg3 Nxd3 11. Qxd3 e6 12. Be3 f5 13. exf5 Rxf5 14. Bd4 Bxd4
15. Qxd4 e5 16. Qe3 Kg7 17. b3 h5 18. Ne4 Qe7 19. f3 b6 20. a4 a5 21. Kf2 Bd7
22. Rh1 Raf8 23. Raf1 Be8 24. g4 Rf4 25. Ke1 h4 26. g3 hxg3 27. Nxg3 Bd7 28.
Ne2 R4f6 29. Qh6+ Kf7 30. g5 Rf5 31. Qh7+ Ke8 32. Qxg6+ Kd8 33. Rh7 Qxg5 34.
Qxg5+ Rxg5 35. Kd2 Rg2 36. Rg1 Rxg1 37. Nxg1 e4 38. fxe4 Rf2+ 39. Ke1 Rf4 40.
Rh8+ Be8 41. Ne2 Rxe4 42. Kd2 Kd7 43. Nc3 Rg4 44. Nb5 Rg2+ 45. Kc3 Rg3+ 46. Kb2
Re3 47. Nd4 Bf7 48. Rh7 Ke8 49. Nc6 Re2+ 50. Ka3 Kf8 51. Nd4 Re7 52. Rh4 Bg8
53. Rf4+ Ke8 54. Rg4 Bf7 55. Rh4 Bg8 56. Rh8 Kf8 57. Ne6+ Kf7 58. Rh2 Ke8 59.
Nd4 Kd7 60. Rg2 Bf7 61. Nc6 Re4 62. Rh2 Kc8 63. Rd2 Be8 64. Nd4 Bd7 65. Nf3 Kb7
66. Nd4 Kc8 67. Ne2 Kb7 68. Nc3 Re3 69. Ne2 Re4 70. Nc3 Re3 71. Ne2 Re4 1/2-1/2

[Event "XLIV C.to Italiano a squadre Master"]
[Site "Arvier ITA"]
[Date "2012.04.28"]
[Round "3"]
[White "Genov, Petar"]
[Black "Lenic, Luka"]
[WhiteElo "2463"]
[BlackElo "2637"]
[Result "1/2-1/2"]
[PlyCount "163"]
[EventDate "2012.04.27"]

1. d4 d5 2. Nf3 c6 3. c4 e6 4. cxd5 exd5 5. Nc3 Bd6 6. Bg5 Ne7 7. e3 Qb6 8. Qd2
Bf5 9. Bh4 Nd7 10. Bg3 Bxg3 11. hxg3 Nf6 12. Na4 Qc7 13. Bd3 Bxd3 14. Qxd3 Nc8
15. Nc5 Nd6 16. Qc2 g6 17. Ne5 Nfe4 18. Nxe4 Nxe4 19. O-O-O O-O-O 20. Kb1 Kb8
21. Rc1 f6 22. Nd3 Rhe8 23. Nc5 f5 24. Rhd1 Nxc5 25. Qxc5 h5 26. Rh1 Qb6 27.
Qc2 Qb4 28. Qd3 Qe7 29. Rh4 Qf6 30. Rch1 Re4 31. a3 Rde8 32. Ka2 a6 33. Qd2 Qe6
34. Ka1 Qe7 35. Ka2 Qf7 36. Ka1 Qe6 37. Qb4 Kc8 38. Qd2 Qd6 39. Qc3 R8e7 40.
Qb3 Kb8 41. Qc2 Qf6 42. Qd2 R7e6 43. Qb4 Qe7 44. Qd2 Ka7 45. Ka2 Qd8 46. Ka1
Qb6 47. Rc1 Qd8 48. Rch1 Qe8 49. Qb4 Qe7 50. Qc3 Rf6 51. Qd2 Rf8 52. Qc2 Rc8
53. Qd2 Rh8 54. Qd1 Qf6 55. Qf3 Qg7 56. Qd1 Rhe8 57. Qd2 Qf7 58. Qd1 R8e7 59.
R1h3 Ka8 60. Rh1 Kb8 61. Qd2 Rc7 62. Rc1 Qe7 63. Rh2 Rc8 64. Rhh1 Rh8 65. Rh3
g5 66. Rch1 h4 67. Qd1 Ka7 68. R3h2 Re8 69. gxh4 gxh4 70. Qf3 Qg5 71. Rh3 Rg4
72. R1h2 f4 73. exf4 Rxf4 74. Qc3 Rxf2 75. Rxh4 Rxg2 76. Qc5+ Ka8 77. Rh8 Rge2
78. R2h7 Qf5 79. Ka2 Re1 80. Rxe8+ Rxe8 81. Re7 Rxe7 82. Qxe7 1/2-1/2

[Event "XLIV C.to Italiano a squadre Master"]
[Site "Arvier ITA"]
[Date "2012.04.30"]
[Round "5"]
[White "David, Alberto"]
[Black "Salvador, Roland"]
[WhiteElo "2604"]
[BlackElo "2502"]
[Result "1-0"]
[PlyCount "63"]
[EventDate "2012.04.27"]

1. d4 Nf6 2. c4 e6 3. Nc3 Bb4 4. e3 c5 5. Nge2 b6 6. Ng3 Bb7 7. f3 O-O 8. a3
Bxc3+ 9. bxc3 d5 10. cxd5 exd5 11. Bd3 Ba6 12. O-O Bxd3 13. Qxd3 Nc6 14. Ra2
Rc8 15. Re2 Re8 16. Bb2 Ne7 17. e4 Ng6 18. Qd2 h5 19. e5 h4 20. Nf5 Nh5 21. f4
cxd4 22. cxd4 Re6 23. Ref2 Nf8 24. Qd1 g6 25. Qg4 Rec6 26. Nxh4 Nh7 27. Nf5 Rc2
28. Ne3 R2c6 29. f5 Qg5 30. Qxg5 Nxg5 31. Nxd5 Ne4 32. Re2 1-0

[Event "XLIV C.to Italiano a squadre Master"]
[Site "Arvier ITA"]
[Date "2012.05.01"]
[Round "7"]
[White "Castaldo, Folco"]
[Black "Manca, Federico"]
[WhiteElo "2417"]
[BlackElo "2424"]
[Result "1-0"]
[PlyCount "139"]
[EventDate "2012.04.27"]

1. e4 c6 2. d3 d5 3. Nd2 e5 4. Ngf3 Bd6 5. d4 exd4 6. exd5 cxd5 7. Bb5+ Nc6 8.
Nb3 Nge7 9. O-O Bg4 10. Nbxd4 O-O 11. Be2 h6 12. Be3 Re8 13. Re1 a6 14. c3 Bc7
15. Nd2 Bxe2 16. Qxe2 Qd6 17. Nf1 Ng6 18. Rad1 Re5 19. Nf3 Re6 20. Ng3 Rae8 21.
Qd2 Rd8 22. Nf5 Qf8 23. N3d4 Re5 24. Ng3 Na5 25. b3 Rde8 26. Nf3 R5e6 27. Qxd5
Qa3 28. Qc5 Qxc5 29. Bxc5 Nf4 30. Rxe6 Rxe6 31. Be3 Rd6 32. Rd4 Rxd4 33. Nxd4
Nd5 34. Bd2 Bf4 35. Be1 Be5 36. Nge2 Ne7 37. c4 Nac6 38. Nxc6 Nxc6 39. Bc3 Bxc3
40. Nxc3 Nb4 41. f4 Kf8 42. Kf2 Ke7 43. Ke3 Kd6 44. g4 Ke6 45. Ke4 g6 46. f5+
gxf5+ 47. gxf5+ Kd6 48. Kd4 Nc6+ 49. Ke4 Nb4 50. Kf4 Nd3+ 51. Ke3 Nb4 52. Ke4
h5 53. h4 Nc2 54. Kf4 Kc5 55. Ke5 Kb4 56. Ne4 Ka3 57. Nc5 Kxa2 58. Nxb7 Kxb3
59. c5 Nb4 60. Kd6 Kc4 61. c6 Nd5 62. Nd8 f6 63. Nb7 Kd4 64. Nc5 Nb6 65. Nxa6
Ke4 66. Ke6 Kf4 67. Nc7 Kg4 68. Nd5 Nc8 69. Nxf6+ Kxh4 70. Ne4 1-0

[Event "XLIV C.to Italiano a squadre Master"]
[Site "Arvier ITA"]
[Date "2012.05.01"]
[Round "7"]
[White "Cherin, Diego"]
[Black "Brunello, Marina"]
[WhiteElo "2272"]
[BlackElo "2263"]
[Result "1-0"]
[PlyCount "151"]
[EventDate "2012.04.27"]

1. e4 c5 2. Nf3 d6 3. d4 cxd4 4. Nxd4 Nf6 5. Nc3 a6 6. Bc4 e6 7. Bb3 b5 8. Bg5
Be7 9. Qf3 Qc7 10. Bxf6 Bxf6 11. e5 Bb7 12. Bd5 Bxe5 13. Bxb7 Ra7 14. Bc6+ Kd8
15. Nce2 Bxd4 16. Nxd4 e5 17. O-O-O exd4 18. Bd5 Qc5 19. Rd2 Nd7 20. Rhd1 Ne5
21. Qe4 d3 22. Kb1 Re7 23. Bb3 Nc4 24. Qxd3 Nxd2+ 25. Qxd2 Kc7 26. a3 Rhe8 27.
Qa5+ Kb7 28. Rd5 Qc7 29. Qb4 Re4 30. c4 Ka7 31. f3 Re1+ 32. Ka2 R1e5 33. Rxd6
Rb8 34. Qd2 bxc4 35. Bc2 Qb6 36. Be4 Qb3+ 37. Ka1 Re7 38. Qd4+ Rb6 39. Rd8 Rxe4
40. fxe4 c3 41. Rd7+ Kb8 42. Qxc3 Qxc3 43. bxc3 Rf6 44. Rd2 Kc7 45. Kb2 Re6 46.
Rd4 f5 47. exf5 Re2+ 48. Kb3 Rxg2 49. Rh4 h6 50. h3 Rg3 51. Kc4 Kc8 52. Rg4
Rxh3 53. Rxg7 Rf3 54. Rf7 h5 55. Kd4 h4 56. a4 h3 57. Ke5 Rxc3 58. Rh7 Kd8 59.
Kf6 Rc6+ 60. Kg5 Rc3 61. Kg6 Rc4 62. a5 Rg4+ 63. Kf7 Ra4 64. Rxh3 Rxa5 65. Rd3+
Kc7 66. Rf3 Re5 67. f6 a5 68. Kg6 Re6 69. Kf5 Re8 70. f7 Rf8 71. Ke6 Kb6 72.
Ke7 Rh8 73. Rf5 a4 74. f8=Q Rxf8 75. Kxf8 a3 76. Rf3 1-0

[Event "XLIV C.to Italiano a squadre Master"]
[Site "Arvier ITA"]
[Date "2012.05.01"]
[Round "7"]
[White "Mazzilli, Piero"]
[Black "Shytaj, Luca"]
[WhiteElo "2340"]
[BlackElo "2496"]
[Result "0-1"]
[PlyCount "80"]
[EventDate "2012.04.27"]

1. d4 Nf6 2. Bg5 e6 3. e4 h6 4. Bxf6 Qxf6 5. Nc3 Bb4 6. Nge2 d6 7. Qd2 Nd7 8.
f4 e5 9. a3 Bxc3 10. Nxc3 Qxf4 11. Qxf4 exf4 12. Bd3 c6 13. O-O-O g5 14. h4 Rg8
15. hxg5 hxg5 16. Rh6 Ke7 17. Rdh1 Nf6 18. Be2 Be6 19. d5 cxd5 20. exd5 Nxd5
21. Nxd5+ Bxd5 22. Re1 Kf8 23. Bf3 Bxf3 24. gxf3 Rd8 25. Rd1 Kg7 26. Rhxd6 Rxd6
27. Rxd6 Re8 28. Rd1 Kg6 29. Rf1 Re2 30. a4 f5 31. b4 Kf6 32. Kb2 Re3 33. a5
Ke5 34. Rg1 Rxf3 35. Rxg5 Rg3 36. Rh5 f3 37. Rh1 f2 38. Rf1 Rf3 39. Kc1 Kf4 40.
Kd2 Ke5 0-1

[Event "C.to Regionale Piemonte"]
[Site "Torino ITA"]
[Date "2012.04.27"]
[Round "1"]
[White "Finocchiaro, Gianluca"]
[Black "Fassero, Fabrizio"]
[Result "1-0"]
[WhiteElo "2085"]
[BlackElo "1706"]
[PlyCount "49"]
[EventDate "2012.04.27"]

1. e4 e6 2. b3 d5 3. Bb2 dxe4 4. Nc3 Nf6 5. g4 Bd7 6. Bg2 Bc6 7. Qe2 e3 8.
Bxc6+ Nxc6 9. fxe3 Bd6 10. O-O-O Qe7 11. Nb5 Be5 12. d4 Bd6 13. g5 Ne4 14. Nf3
O-O-O 15. Nxd6+ Qxd6 16. Rhg1 Nb4 17. Kb1 Nd5 18. Qe1 f6 19. gxf6 gxf6 20. c4
Ne7 21. Qh4 f5 22. d5 Ng6 23. Rxg6 hxg6 24. Bxh8 Nc3+ 25. Bxc3 1-0

[Event "C.to Regionale Piemonte"]
[Site "Torino ITA"]
[Date "2012.04.27"]
[Round "1"]
[White "Gallucci, Alessio"]
[Black "Bisi, Riccardo"]
[Result "1-0"]
[WhiteElo "2238"]
[BlackElo "1714"]
[PlyCount "65"]
[EventDate "2012.04.27"]

1. c4 c5 2. Nf3 Nf6 3. g3 Nc6 4. Nc3 d6 5. Bg2 Bf5 6. O-O e5 7. d3 Be7 8. Bg5
h6 9. Bxf6 Bxf6 10. Nd5 O-O 11. Nd2 Bh7 12. Be4 Bg5 13. e3 f5 14. Bg2 Bf6 15.
Rb1 Rb8 16. a3 a5 17. b4 axb4 18. axb4 cxb4 19. Nxb4 Qd7 20. Qa4 Rbc8 21. Rb3
Rfe8 22. Nd5 Bd8 23. Rfb1 Rb8 24. Nb4 Rc8 25. Nxc6 bxc6 26. Rb7 Rc7 27. Rxc7
Qxc7 28. Bxc6 Rf8 29. Rb7 Qc8 30. Bd5+ Kh8 31. Nb1 f4 32. Rf7 Rxf7 33. Qe8+ 1-0

[Event "C.to Regionale Piemonte"]
[Site "Torino ITA"]
[Date "2012.04.28"]
[Round "2"]
[White "Laurenti, Stefano"]
[Black "Briata, Federico"]
[Result "0-1"]
[WhiteElo "2056"]
[BlackElo "1763"]
[PlyCount "114"]
[EventDate "2012.04.27"]

1. e4 c5 2. Nc3 e6 3. f4 Ne7 4. Nf3 Nec6 5. g3 d5 6. d3 Be7 7. Bg2 O-O 8. O-O
d4 9. Ne2 Nd7 10. g4 b5 11. Kh1 Bb7 12. Ng3 Qb6 13. Qe2 c4 14. Nh5 Rac8 15. Ne1
Bb4 16. g5 f6 17. Qg4 f5 18. Qh3 Ne7 19. a3 Bxe1 20. Rxe1 Ng6 21. Bd2 cxd3 22.
c3 Nc5 23. exf5 exf5 24. Ng3 dxc3 25. bxc3 Bxg2+ 26. Qxg2 Qc6 27. Qxc6 Rxc6 28.
Rab1 a6 29. Rb4 Re6 30. Rxe6 Nxe6 31. a4 bxa4 32. Rxa4 Nc5 33. Rd4 Nb3 34. Rxd3
Nxd2 35. Rxd2 Nxf4 36. Rf2 Nh3 37. Rxf5 Rxf5 38. Nxf5 Nxg5 39. Kg2 Kf7 40. c4
Ne6 41. Kf3 Kf6 42. Ke4 Ng5+ 43. Kf4 Nh3+ 44. Ke4 Nf2+ 45. Kf4 g5+ 46. Kf3 Kxf5
47. Kxf2 Ke5 48. Ke3 h5 49. c5 Kd5 50. c6 Kxc6 51. Ke4 a5 52. Kf5 g4 53. Kg5 a4
54. Kxh5 a3 55. Kxg4 a2 56. h4 a1=Q 57. h5 Qh8 0-1

[Event "C.to Regionale Piemonte"]
[Site "Torino ITA"]
[Date "2012.04.28"]
[Round "2"]
[White "Nastro, Federico"]
[Black "Bisi, Samuele"]
[Result "0-1"]
[WhiteElo "1740"]
[BlackElo "2039"]
[PlyCount "62"]
[EventDate "2012.04.27"]

1. e4 e5 2. Nf3 Nc6 3. Nc3 Nf6 4. d4 exd4 5. Nxd4 Bb4 6. Nxc6 bxc6 7. Bd3 O-O
8. O-O d5 9. exd5 cxd5 10. Bg5 c6 11. Qf3 Be7 12. Rae1 h6 13. Qe3 Be6 14. Bxf6
Bxf6 15. Qc5 Qb6 16. Na4 Qc7 17. b3 Be7 18. Qe3 Bd6 19. h3 c5 20. c4 Rfe8 21.
cxd5 Bd7 22. Qf3 Rxe1 23. Rxe1 c4 24. Rc1 Re8 25. Bf1 Qa5 26. Nb2 Qd2 27. Nxc4
Qxc1 28. Nxd6 Re1 29. Qxf7+ Kh7 30. Qxd7 Rxf1+ 31. Kh2 Qf4+ 0-1

[Event "C.to Regionale Piemonte"]
[Site "Torino ITA"]
[Date "2012.04.29"]
[Round "3"]
[White "Finocchiaro, Gianluca"]
[Black "Macheda, Andrea"]
[Result "1/2-1/2"]
[WhiteElo "2085"]
[BlackElo "1929"]
[PlyCount "103"]
[EventDate "2012.04.27"]

1. e4 c5 2. d4 cxd4 3. c3 d3 4. Bxd3 Nc6 5. Nf3 d6 6. O-O g6 7. Bc4 Bg7 8. Bf4
Nf6 9. Re1 O-O 10. Nbd2 Ng4 11. h3 Nge5 12. Nxe5 Nxe5 13. Be2 Be6 14. Nf3 Nxf3+
15. Bxf3 Rc8 16. e5 dxe5 17. Bxe5 Bxe5 18. Rxe5 Qb6 19. Qe2 Rfd8 20. Rb5 Bc4
21. Rxb6 Bxe2 22. Rxb7 Bxf3 23. gxf3 Rd2 24. Rb1 Rcd8 25. Rxe7 Rc2 26. Kg2 Rdd2
27. Rf1 Rxb2 28. Rxa7 Rdc2 29. Ra3 g5 30. f4 gxf4 31. Kf3 Kf8 32. Kxf4 Rxf2+
33. Rxf2 Rxf2+ 34. Kg3 Rc2 35. h4 Kg7 36. Kf3 Rh2 37. Kg4 Rg2+ 38. Kf5 Rc2 39.
Ke5 Kg6 40. Kd5 Kh5 41. c4 Kxh4 42. c5 f5 43. c6 f4 44. Ra7 h5 45. Rf7 Rxa2 46.
Rxf4+ Kg3 47. c7 Ra8 48. Rf7 h4 49. Rg7+ Kf2 50. Rd7 h3 51. Rh7 Kg2 52. Rxh3
1/2-1/2

[Event "C.to Regionale Piemonte"]
[Site "Torino ITA"]
[Date "2012.04.29"]
[Round "4"]
[White "Martin, Tiziano"]
[Black "Yao, Stefano"]
[Result "0-1"]
[WhiteElo "1991"]
[BlackElo "1777"]
[PlyCount "50"]
[EventDate "2012.04.27"]

1. d4 d5 2. Nf3 Nf6 3. Bg5 Nbd7 4. Nbd2 e6 5. e3 c5 6. c3 Be7 7. Bd3 O-O 8. Qc2
h6 9. Bxf6 Nxf6 10. Ne5 Nd7 11. Ndf3 Nxe5 12. Nxe5 Bd7 13. O-O Rc8 14. Qe2 a6
15. f4 Be8 16. Rf3 f6 17. Ng6 Bxg6 18. Bxg6 f5 19. Rh3 Rf6 20. Qh5 Qb6 21. Rb1
Rcf8 22. g4 fxg4 23. Qxg4 cxd4 24. cxd4 e5 25. fxe5 Rxg6 0-1

[Event "C.to Regionale Piemonte"]
[Site "Torino ITA"]
[Date "2012.04.29"]
[Round "4"]
[White "Quirico, Paolo"]
[Black "Finocchiaro, Gianluca"]
[Result "1/2-1/2"]
[WhiteElo "2148"]
[BlackElo "2085"]
[PlyCount "27"]
[EventDate "2012.04.27"]

1. c4 e5 2. g3 Nc6 3. Nc3 d6 4. Bg2 g6 5. d3 Bg7 6. e4 Nge7 7. Nge2 O-O 8. O-O
Be6 9. Nd5 Qd7 10. Bd2 f5 11. b4 fxe4 12. Nxe7+ Qxe7 13. Bxe4 Bg4 14. Qe1
1/2-1/2

[Event "C.to Regionale Piemonte"]
[Site "Torino ITA"]
[Date "2012.04.30"]
[Round "5"]
[White "Bisi, Samuele"]
[Black "Quirico, Paolo"]
[Result "1-0"]
[WhiteElo "2039"]
[BlackElo "2148"]
[PlyCount "85"]
[EventDate "2012.04.27"]

1. d4 e6 2. c4 f5 3. Nf3 Nf6 4. g3 Be7 5. Bg2 O-O 6. O-O d6 7. Nc3 a5 8. Re1
Ne4 9. Qc2 Nxc3 10. Qxc3 Nd7 11. e4 d5 12. cxd5 fxe4 13. d6 cxd6 14. Rxe4 Nf6
15. Re2 Nd5 16. Qe1 Kh8 17. h4 Qb6 18. Bg5 Bxg5 19. Nxg5 Qxd4 20. Rd1 Qb4 21.
Nxe6 Bxe6 22. Rxe6 Qxe1+ 23. Rdxe1 Nb4 24. Rxd6 Nxa2 25. Re7 Nb4 26. Rdd7 Rad8
27. Rxb7 Rd2 28. f4 Rc8 29. Rec7 Re8 30. Re7 Rc8 31. Rbc7 Rcd8 32. Rxg7 Rxb2
33. Rxh7+ Kg8 34. Rcg7+ Kf8 35. h5 Rd1+ 36. Bf1 Rbb1 37. h6 Rxf1+ 38. Kg2 Rg1+
39. Kf3 Rb3+ 40. Kf2 Nd3+ 41. Kxg1 Rb1+ 42. Kh2 Rb2+ 43. Kh3 1-0

[Event "C.to Regionale Piemonte"]
[Site "Torino ITA"]
[Date "2012.04.30"]
[Round "5"]
[White "Yao, Stefano"]
[Black "Di Chiara, Mauro"]
[Result "1-0"]
[WhiteElo "1777"]
[BlackElo "1977"]
[PlyCount "111"]
[EventDate "2012.04.27"]

1. d4 g6 2. c4 Bg7 3. Nf3 d6 4. g3 Nf6 5. Bg2 O-O 6. O-O Nc6 7. Nc3 Bf5 8. Nh4
Bd7 9. Nf3 e5 10. e4 Nxd4 11. Nxd4 exd4 12. Qxd4 Ng4 13. Qd2 Ne5 14. b3 Bh3 15.
f4 Bxg2 16. Kxg2 Nc6 17. Bb2 Qe7 18. Rfe1 Qf6 19. Rad1 Rad8 20. Na4 Qe6 21.
Bxg7 Kxg7 22. Qb2+ Kg8 23. Nc3 Ne7 24. Nd5 Nxd5 25. cxd5 Qd7 26. Qd4 c5 27.
dxc6 bxc6 28. e5 d5 29. Re2 Rc8 30. Rc2 Rfd8 31. Rdc1 Qb7 32. Rc5 Rc7 33. h3
Rdc8 34. g4 Qa6 35. R1c2 Qb6 36. h4 a5 37. Kf2 Qb4 38. Rd2 Qxd4+ 39. Rxd4 h5
40. gxh5 gxh5 41. Kf3 Kh7 42. Rxa5 Kg6 43. Rc5 Kf5 44. a4 Rb7 45. b4 Rcb8 46.
Rxc6 Rb6 47. Rxb6 Rxb6 48. b5 Rg6 49. Rxd5 Rg4 50. e6+ Kxe6 51. Rxh5 Rg1 52. b6
f5 53. a5 Rb1 54. a6 Rb3+ 55. Ke2 Kd5 56. a7 1-0

[Event "C.to Regionale Piemonte"]
[Site "Torino ITA"]
[Date "2012.05.01"]
[Round "6"]
[White "Finocchiaro, Gianluca"]
[Black "Laurenti, Stefano"]
[Result "1-0"]
[WhiteElo "2085"]
[BlackElo "2056"]
[PlyCount "45"]
[EventDate "2012.04.27"]

1. e4 e5 2. Nf3 Nc6 3. d4 exd4 4. Nxd4 Bc5 5. Be3 Qf6 6. Nb5 Bxe3 7. fxe3 Qh4+
8. g3 Qd8 9. Qg4 g6 10. Qf4 d6 11. Bc4 Ne5 12. O-O Bh3 13. N1c3 g5 14. Bxf7+
Kd7 15. Qf2 Nh6 16. Bb3 Bxf1 17. Qxf1 Qf8 18. Qh3+ Nhg4 19. Nd4 Qf2+ 20. Kh1
Rae8 21. Nd5 c6 22. Rf1 cxd5 23. Rxf2 1-0